000 01491nam a2200385Ia 4500
001 ebr10278940
003 CaPaEBR
006 m u
007 cr cn|||||||||
008 910708s1992 nyu sb 001 0 eng d
010 _z 91026716
020 _z0195068734
020 _z9780195068733
040 _aCaPaEBR
_cCaPaEBR
035 _a(OCoLC)72706826
050 1 4 _aPA6095
_b.R53 1992eb
100 1 _aRichlin, Amy,
_d1951-
245 1 4 _aThe garden of Priapus
_h[electronic resource] :
_bsexuality and aggression in Roman humor /
_cAmy Richlin.
250 _aRev. ed.
260 _aNew York :
_bOxford University Press,
_c1992.
300 _axxxiii, 315 p.
504 _aIncludes bibliographical references (p. 292-294) and indexes.
533 _aElectronic reproduction.
_bPalo Alto, Calif. :
_cebrary,
_d2009.
_nAvailable via World Wide Web.
_nAccess may be limited to ebrary affiliated libraries.
650 0 _aLatin wit and humor
_xHistory and criticism.
650 0 _aErotic poetry, Latin
_xHistory and criticism.
650 0 _aAggressiveness in literature.
650 0 _aSatire, Latin
_xHistory and criticism.
650 0 _aPriapus (Greek deity) in literature.
650 0 _aSex in literature.
650 0 _aInvective.
651 0 _aRome
_xIn literature.
655 7 _aElectronic books.
_2local
710 2 _aebrary, Inc.
856 4 0 _uhttp://site.ebrary.com/lib/rucke/Doc?id=10278940
_zAn electronic book accessible through the World Wide Web; click to view
999 _c4380
_d4380